Balkánska "drogová" cesta

Albánske organizácie a nelegálny obchod s drogami. Migrácia etnických Albáncov do Európy. Albánsky kanál. Polícia v boji so šírením drog. Spojenie zločinu s politikou. Moc klanov. Albánci v strednej Európe.

Saved in:
Bibliographic Details
Main Author: Dinis, Igor
Format: Book Chapter
Language:Slovak
Subjects:
Tags: Add Tag
No Tags, Be the first to tag this record!

MARC

LEADER 00000naa$a2200000$$$4500
001 0033905
005 20231009070808.1
041 0 |a slo 
044 |a SK 
245 1 0 |a Balkánska "drogová" cesta  |c Igor Dinis 
520 |a Albánske organizácie a nelegálny obchod s drogami. Migrácia etnických Albáncov do Európy. Albánsky kanál. Polícia v boji so šírením drog. Spojenie zločinu s politikou. Moc klanov. Albánci v strednej Európe. 
610 2 0 |a kriminalita 
610 2 0 |a drogy 
610 2 0 |a právo trestné 
610 2 0 |a obchod nezákonný 
610 2 0 |a spolupráca medzinárodná 
610 2 0 |a morálka 
610 2 0 |a Albánsko 
100 1 |a Dinis, Igor